00899nam a22002297a 4500999001900000005001700019010001500036020002600051035001400077037001300091082001100104100002400115245013000139250001200269260004100281270008800322300003000410500005000440700002100490942002500511952013300536 c168667d16866720191018160139.0 aENG-126708 a9789353438913c599.00 aEN-110240 bDBAD/PUB a005.74 aConnolly, Thomas M. aDatabase systems :cThomas M. Connolly [and] Carolyn E. Beggba practical approach to design, implementation and management / a6th ed. aNoidabPearson India Educationc2020 a15th Floor, Towe-B, World Trade Tower, Plot No.1, Block-C, Sector-16bNoidae201301 avarious pagingc23cm(pbk) aIncludes bibliographical references and index aBegg, Carolyn E. 2ddccENh005.74mCON 001040708NFICaBNbBNd2019-10-18eDBAD/PUBg999.00l2o005.74 CONpEN-110240r2023-06-21 00:00:00s2023-06-17t1v999.00yEN